[Event "Test Phil"]
[Site "SchemingMind.com"]
[Date "2018.04.30"]
[Round "-"]
[White "Robert Bruce"]
[Black "Till Plewe"]
[Result "1/2-1/2"]
[WhiteCountry "SCO"]
[BlackCountry "JPN"]
[WhiteElo "2334"]
[WhiteRD "66"]
[BlackElo "2469"]
[BlackRD "75"]
[GameID "427774"]

1. e4 e5 2. Nf3 d6 3. d4 Nf6 4. Nc3 Nbd7 5. g3 Be7 6. Bg2 O-O 7. a4 c6 8. h3 Qc7 9. Qd3 d5 10. exd5 cxd5
11. Nb5 Qb8 12. Qe2 a6 13. dxe5 Nxe5 14. Bf4 axb5 15. Bxe5 Qa7 16. a5 b6 17. O-O bxa5 18. Nd4 b4 19. Nc6 Qc5 20. Nxe7+ Qxe7
21. Rfe1 Ne4 22. Bd4 Qd7 23. Qg4 Qxg4 24. hxg4 Bb7 25. f3 Ng5 26. Re7 Bc6 27. f4 Ne6 28. Bb6= Ra6 29. Bf2 Rc8 30. f5 Ng5
31. Ba7 a4 32. Bc5 d4 33. Bf1 Raa8 34. Bxb4 Be4 35. Bd3 Bxd3 36. cxd3 h5 37. gxh5 Rc2 38. Ra2 Rac8 39. Kf1 Rh2 40. Re2 Rc1+
41. Be1 Rh1+ 42. Kf2 Rh2+=
1/2-1/2

[Event "Test Phil"]
[Site "SchemingMind.com"]
[Date "2018.04.30"]
[Round "-"]
[White "Till Plewe"]
[Black "William Lindberg"]
[Result "1/2-1/2"]
[WhiteCountry "JPN"]
[BlackCountry "USA"]
[WhiteElo "2455"]
[WhiteRD "78"]
[BlackElo "2517"]
[BlackRD "67"]
[GameID "427775"]

1. e4 e5 2. Nf3 d6 3. d4 Nf6 4. Nc3 Nbd7 5. Bc4 Be7 6. a4 O-O 7. O-O exd4 8. Nxd4 Re8 9. Re1 Ne5 10. Ba2 c5
11. Nde2 h6 12. f3 Bd7 13. Nf4 c4 14. Be3 Qa5 15. Qd4 Rec8 16. Qd2 Re8 17. Red1 Rac8 18. Qf2 Bd8 19. Rxd6 Qb4 20. Rdd1 Qxb2
21. Nfe2 b6 22. h3 Ng6 23. a5 b5 24. Bxa7 Qb4 25. Rdb1 Qf8 26. Nxb5 Re5 27. Nbc3 Rxa5 28. Bd4 Qd6 29. Rd1 Bc7 30. Bxf6 Qxf6
31. Rxd7 Nf4 32. Rxc7 Rxc7 33. Nxf4 Qxc3 34. Re1 Rxa2 35. Nd5 Qa5 36. Nxc7 Qxc7 37. f4 c3 38. Kh2 Qc4 39. Re3 Qd4 40. Re2 Qd1
41. e5 h5 42. Kg3 Qd7 43. f5 Ra4 44. f6 h4+ 45. Kh2 g6 46. Qe3 Qf5 47. Qh6 Qf4+ 48. Qxf4 Rxf4 49. Re3 Rf5 50. Kg1 g5
51. e6 fxe6 52. Rxe6 Kf7 53. Rc6 Rxf6 54. Rxc3 Kg6 55. Rc8=
1/2-1/2

[Event "Test Phil"]
[Site "SchemingMind.com"]
[Date "2018.04.30"]
[Round "-"]
[White "William Lindberg"]
[Black "Till Plewe"]
[Result "1-0"]
[WhiteCountry "USA"]
[BlackCountry "JPN"]
[WhiteElo "2517"]
[WhiteRD "67"]
[BlackElo "2455"]
[BlackRD "78"]
[GameID "427776"]

1. e4 e5 2. Nf3 d6 3. d4 Nf6 4. Nc3 Nbd7 5. Be2 Be7 6. O-O O-O 7. a4 c6 8. h3 Qc7 9. Bc4 Re8 10. Re1 h6
11. Ba2 a5 12. Be3 exd4 13. Nxd4 Bf8 14. f3 Nc5 15. Kh1 Bd7 16. Qd2 Rad8 17. Bc4 Na6 18. Bf1 Nb4 19. Bf4 Qb6 20. Bh2 d5
21. e5 Nh7 22. f4 Be7 23. Nd1 Na6 24. c3 Nf8 25. Ne3 Nc5 26. Qc2 Kh8 27. Ndf5 Ne4 28. Nxe7 Rxe7 29. Bd3 Nc5 30. f5 Nxd3
31. Qxd3 Nh7 32. Bg1 Qc7 33. Ng4 c5 34. Rf1 f6 35. Rae1 Bxa4 36. exf6 Nxf6 37. Bh2 Qd7 38. Nxf6 gxf6 39. Re6 Rg7 40. Qd2 Qf7
41. Bd6 Kh7 42. Rf4 Rxd6 43. Rh4 Rg5 44. Rxd6 Bc6 45. Qxg5
1-0

[Event "Test Phil"]
[Site "SchemingMind.com"]
[Date "2018.04.30"]
[Round "-"]
[White "Till Plewe"]
[Black "Keithk"]
[Result "1/2-1/2"]
[WhiteCountry "JPN"]
[BlackCountry "ENG"]
[WhiteElo "2455"]
[WhiteRD "78"]
[BlackElo "2539"]
[BlackRD "60"]
[GameID "427777"]

1. e4 e5 2. Nf3 d6 3. d4 Nf6 4. Nc3 Nbd7 5. Bc4 Be7 6. a4 O-O 7. O-O c6 8. h3 Nxe4 9. Nxe4 d5 10. Re1 exd4
11. Bxd5 cxd5 12. Ng3 d3 13. Qxd3 Nc5 14. Qd1 Re8 15. Be3 Ne4 16. Ne2 b6 17. Nfd4 Bd6 18. Nf4 Bb7 19. c3 g6 20. Nd3 Ba6
21. Bf4 Bxd3 22. Bxd6 Qxd6 23. Qxd3 Nc5 24. Rxe8+ Rxe8 25. Qb5 Re4 26. a5 Ne6 27. Nxe6 Qxe6 28. axb6 axb6 29. Kf1=
1/2-1/2

[Event "Test Phil"]
[Site "SchemingMind.com"]
[Date "2018.04.30"]
[Round "-"]
[White "Keithk"]
[Black "Till Plewe"]
[Result "1-0"]
[WhiteCountry "ENG"]
[BlackCountry "JPN"]
[WhiteElo "2539"]
[WhiteRD "60"]
[BlackElo "2455"]
[BlackRD "78"]
[GameID "427778"]

1. e4 e5 2. Nf3 d6 3. d4 Nf6 4. Nc3 Nbd7 5. Bc4 Be7 6. O-O O-O 7. Re1 c6 8. a4 exd4 9. Nxd4 Ne5 10. Ba2 Re8
11. h3 Bd7 12. f4 Ng6 13. Kh1 Qc7 14. f5 Ne5 15. Bf4 Rad8 16. Nf3 h6 17. Qe2 Bc8 18. Bxe5 dxe5 19. Bxf7+ Kxf7 20. Qc4+ Kf8
21. Nh4 g5 22. fxg6 Bd6 23. Rf1 Kg7 24. Rxf6 Kxf6 25. Rf1+ Kg5 26. Qe2 Rf8 27. Qe3+ Rf4 28. g3 Qb6 29. Qd2 Bxh3 30. gxf4+ Kxh4
31. Rf3 Qg1+ 32. Kxg1 Bc5+ 33. Qf2+ Bxf2+ 34. Kxf2 exf4 35. g7 Rg8 36. Rxf4+ Kg5 37. Rf7 Bc8 38. Ne2 Kg6 39. Rc7 h5 40. Kg3 Kg5
41. Nd4 h4+ 42. Kh2 a5 43. e5 Kg6 44. e6 Kf6 45. Kh3
1-0

[Event "Test Phil"]
[Site "SchemingMind.com"]
[Date "2018.04.30"]
[Round "-"]
[White "Robert Bruce"]
[Black "William Lindberg"]
[Result "0-1"]
[WhiteCountry "SCO"]
[BlackCountry "USA"]
[WhiteElo "2285"]
[WhiteRD "69"]
[BlackElo "2472"]
[BlackRD "64"]
[GameID "427779"]

1. e4 e5 2. Nf3 d6 3. d4 Nf6 4. Nc3 Nbd7 5. g4 Nxg4 6. Rg1 Ngf6 7. Be3 c6 8. Qd2 Qa5 9. O-O-O b5 10. a3 Rb8
11. Qd3 Qc7 12. Bh3 a5 13. dxe5 dxe5 14. a4 b4 15. Ne2 g6 16. Ng5 c5 17. Qc4 Nb6 18. Qb5+ Nfd7 19. f4 Bg7 20. f5 O-O
21. Qxa5 Ra8 22. Rxd7 Bxd7 23. Qxc5 Qxc5 24. Bxc5 Bxa4 25. Bxb6 Rfc8 26. c3 Rc6 27. fxg6 hxg6 28. Be3 Bb3 29. Kd2 Ra2 30. Ke1 Rxb2
31. cxb4 Rcc2 32. Bf1 Bh6 33. Rg2 f6 34. Nc1 Bxg5 35. Bxg5 Rxg2 36. Bxg2 fxg5 37. Nxb3 Rxb3 38. b5 Rb2 39. Bf1 Rxh2 40. Be2 Rh1+
41. Kd2 Kf7 42. Ke3 Ke7 43. b6 Rb1 44. Bc4 g4 45. Bd5 Rxb6 46. Kf2 Kf6 47. Bc4 Kg5 48. Ke3 g3 49. Bf1 Rb2 50. Bh3 Rf2
51. Kd3 Kh4 52. Be6 g2 53. Kc4 g1=Q 54. Kb5 Rc2 55. Bc4 Qa7 56. Kc6 Rxc4+ 57. Kd6 Qc7+ 58. Ke6 Rc6+ 59. Kd5 Qd6#
0-1

[Event "Test Phil"]
[Site "SchemingMind.com"]
[Date "2018.04.30"]
[Round "-"]
[White "William Lindberg"]
[Black "Robert Bruce"]
[Result "1-0"]
[WhiteCountry "USA"]
[BlackCountry "SCO"]
[WhiteElo "2472"]
[WhiteRD "64"]
[BlackElo "2285"]
[BlackRD "69"]
[GameID "427780"]

1. e4 e5 2. Nf3 d6 3. d4 Nf6 4. Nc3 Nbd7 5. h3 c6 6. a4 Be7 7. Bc4 O-O 8. O-O Re8 9. Re1 a6 10. a5 exd4
11. Bxf7+ Kxf7 12. Ng5+ Kg8 13. Ne6 dxc3 14. Nxd8 Rxd8 15. bxc3 Nf8 16. Rb1 Rb8 17. Be3 Ng6 18. Bb6 Rf8 19. Qd2 Ne5 20. Bc7 Ra8
21. f4 Nc4 22. Qd3 Na3 23. Ra1 Rf7 24. c4 d5 25. Be5 Nxc4 26. Bxf6 Bxf6 27. exd5 Bd7 28. Qxc4 Bxa1 29. Rxa1 cxd5 30. Qxd5 Bc6
31. Qb3 Re8 32. Rd1 Kf8 33. Qb4+ Kg8 34. g4 h6 35. f5 Rfe7 36. Rd8 Rxd8 37. Qxe7 Re8 38. Qd6 Re4 39. Qg3 Rd4 40. Qe3 Re4
41. Qd2 Kh7 42. Kh2 Kg8 43. Kg3 Re5 44. Qd4 Re4 45. Qc5 Re8 46. h4 Kf7 47. g5 hxg5 48. hxg5 Re7 49. g6+ Ke8 50. Qd6 Re3+
51. Kg4 Re7 52. Kg5 Rd7 53. Qh2 Kd8 54. c4
1-0

[Event "Test Phil"]
[Site "SchemingMind.com"]
[Date "2018.04.30"]
[Round "-"]
[White "Robert Bruce"]
[Black "Keithk"]
[Result "0-1"]
[WhiteCountry "SCO"]
[BlackCountry "ENG"]
[WhiteElo "2312"]
[WhiteRD "67"]
[BlackElo "2572"]
[BlackRD "58"]
[GameID "427781"]

1. e4 e5 2. Nf3 d6 3. d4 Nf6 4. Nc3 Nbd7 5. Rg1 Be7 6. g4 O-O 7. g5 Ne8 8. a4 c6 9. Be3 Qa5 10. Qd2 Nc7
11. dxe5 d5 12. exd5 Bb4 13. dxc6 bxc6 14. Nd4 Nxe5 15. O-O-O Rd8 16. Nb3 Rxd2 17. Rxd2 Nd3+ 18. Rxd3 Qe5 19. Rd8+ Bf8 20. Nd4 Be6
21. Rxa8 Nxa8 22. Nxe6 fxe6 23. g6 hxg6 24. Rxg6 Nb6 25. Bd3 Be7 26. a5 Qxa5 27. Rxe6 Qa1+ 28. Kd2 Bb4 29. Ke2 Bxc3 30. bxc3 Qxc3
31. Rg6 Kf8 32. Rg4 Qa5 33. h4 Qh5 34. f3 Qe5 35. Kf2 Qh2+ 36. Kf1 Nd7 37. Ra4 Qg3 38. Be2 a5 39. Bg5 Nc5 40. Rc4 Ne6
41. Bd2 Ke8 42. Be3 Kd7 43. Re4 c5 44. c3 g5 45. hxg5 Nxg5 46. Rg4 Qh3+ 47. Kf2 Qh2+ 48. Kf1 Qh1+ 49. Rg1 Qh3+ 50. Kf2 Qh4+
51. Kf1 Ne6 52. Rg4 Qh1+ 53. Kf2 Qa1 54. Bd2 Qb2 55. Ke1 Qb1+ 56. Bd1= Kc6 57. Ke2 Nc7 58. Ba4+ Kb6 59. Re4 Qb2 60. Rg4 Nd5
61. Rc4 Qa2 62. Kd3 Qb1+ 63. Ke2 Qg6 64. Bd1 Qg2+ 65. Ke1 Qh1+ 66. Ke2 Kb5 67. Rg4 Nb6 68. Be3 Nc4 69. Ba4+ Kxa4 70. Rxc4+ Kb3
71. Rxc5 Qh2+ 72. Bf2 a4 73. Rb5+ Kxc3 74. Rc5+ Kb4 75. Rd5 a3 76. Rd4+ Kb5 77. Rd5+ Ka6 78. Rd2 Qe5+ 79. Be3 Kb5 80. Kf2 Kc4
81. Rc2+ Kd3 82. Rd2+ Kc3 83. Ke2 Qh2+ 84. Kd1 Qh1+ 85. Ke2 Qg2+
0-1

[Event "Test Phil"]
[Site "SchemingMind.com"]
[Date "2018.04.30"]
[Round "-"]
[White "Keithk"]
[Black "Robert Bruce"]
[Result "1-0"]
[WhiteCountry "ENG"]
[BlackCountry "SCO"]
[WhiteElo "2468"]
[WhiteRD "60"]
[BlackElo "2285"]
[BlackRD "69"]
[GameID "427782"]

1. e4 e5 2. Nf3 d6 3. d4 Nf6 4. Nc3 Nbd7 5. Bc4 Nb6 6. dxe5 Nxc4 7. exf6 Qxf6 8. Nd5 Qd8 9. Qd4 h5 10. Qxc4 c6
11. Nf4 h4 12. h3 Qf6 13. Bd2 Rg8 14. O-O-O g5 15. e5 dxe5 16. Nh5 Qh8 17. Nxe5 Be6 18. Qe2 O-O-O 19. Bc3 Rxd1+ 20. Rxd1 Qh6
21. Nxc6 g4+ 22. Rd2 Qxh5 23. Be5 Bc5 24. Qb5
1-0

[Event "Test Phil"]
[Site "SchemingMind.com"]
[Date "2018.04.30"]
[Round "-"]
[White "William Lindberg"]
[Black "Keithk"]
[Result "1/2-1/2"]
[WhiteCountry "USA"]
[BlackCountry "ENG"]
[WhiteElo "2472"]
[WhiteRD "64"]
[BlackElo "2468"]
[BlackRD "60"]
[GameID "427783"]

1. e4 e5 2. Nf3 d6 3. d4 Nf6 4. Nc3 Nbd7 5. Bc4 Be7 6. a4 exd4 7. Nxd4 O-O 8. O-O c6 9. Re1 Ne5 10. Bb3 Re8
11. h3 Bd7 12. f4 Ng6 13. Be3 Qa5 14. f5 Ne5 15. Nf3 Rac8 16. Nxe5 Qxe5 17. Bd4 Qa5 18. Bf2 c5 19. Qe2 Bc6 20. Qc4 Rf8
21. Bg3 a6 22. Qe2 Rfe8 23. Qc4 Rf8 24. Qe2 Rfe8 25. Rad1 Qb4 26. Nd5 Nxd5 27. Bxd5 Bxd5 28. Rxd5 Red8 29. e5 dxe5 30. Rxd8+ Rxd8
31. Qxe5 Bf8 32. Qc7 Qd2 33. Bh4 f6 34. Qxb7 Qxc2 35. Qxa6 h6 36. a5 Qxb2 37. Qc4+ Kh7 38. a6 Ra8 39. Re6 Rd8 40. Re2 Rd1+
41. Re1 Rxe1+ 42. Bxe1 Bd6 43. Kf1 Qa1 44. Kf2 Be5 45. Bd2 Bd4+ 46. Be3 Qb2+ 47. Qe2 Bxe3+ 48. Kxe3 Qd4+ 49. Kf3 Qa4 50. Ke3 c4
51. Qg4 Qxa6 52. Qg6+ Kg8 53. Qe8+ Kh7 54. Qg6+= Kh8 55. Qe8+ Kh7=
1/2-1/2

[Event "Test Phil"]
[Site "SchemingMind.com"]
[Date "2018.04.30"]
[Round "-"]
[White "Keithk"]
[Black "William Lindberg"]
[Result "1/2-1/2"]
[WhiteCountry "ENG"]
[BlackCountry "USA"]
[WhiteElo "2495"]
[WhiteRD "61"]
[BlackElo "2510"]
[BlackRD "65"]
[GameID "427784"]

1. e4 e5 2. Nf3 d6 3. d4 Nf6 4. Nc3 Nbd7 5. Bc4 Be7 6. O-O O-O 7. a4 exd4 8. Qxd4 Nc5 9. h3 Nfd7 10. Nd5 Bf6
11. Nxf6+ Qxf6 12. Be3 Qxd4 13. Nxd4 Ne5 14. Be2 Bd7 15. Nb5 Nxe4 16. Nxc7 Rac8 17. Nd5 Rfe8 18. c3 Be6 19. Rfd1 Bxd5 20. Rxd5 a6
21. a5 Nc4 22. Bxc4 Rxc4 23. Bd4 Rc6 24. Rd1 Re6 25. Ba7 Nf6 26. R5d4 h5 27. Rb4 Rc7 28. Bb6 Rce7 29. g3 Ne8 30. Bd4 Rc7
31. Rb6 f6 32. Kg2 Kf7 33. g4 hxg4 34. hxg4 g5 35. b4 Ree7 36. b5 axb5 37. Rd3 Re4 38. Kg3 Re1 39. Rxb5 Rg1+ 40. Kf3 Ra1
41. Rf5 Re7 42. Re3 Rd7 43. Kg2 Ra4 44. Kg3 Ra1 45. Kg2 Re7 46. Rb5 Rc7 47. f4 Ra2+ 48. Kf3 gxf4 49. Re4 Ra1 50. g5 fxg5
51. Rxg5 Rh1 52. Rf5+ Kg6 53. Rf8 Ng7 54. Rexf4 Rf1+ 55. Ke4 Rxf4+ 56. Rxf4 Nh5 57. Rf8 Ng3+ 58. Kd5 Nf5 59. Rg8+ Kf7 60. Rg5 Nxd4
61. cxd4 Rc6 62. Rh5 Ra6 63. Rh7+ Kf6 64. Rxb7 Rxa5+ 65. Kxd6=
1/2-1/2